00590 2200205 4500001002100000005001500021035002000036008004100056245008900097100001900186260003000205300003800235020002200273084002000295082001400315650001800329990001300347990001200360990001200372INLIS00000000001042820220208023720 a0010-0222000231220208 g 0 ind 1 aPanduan Praktis Olah Data Menggunakan SPSS /cDuwi Priyatno;editor,Ratih Indah Utami0 aDUWI, Priyatno aYogyakarta :bAndi,c2017 aviii,246 hlm. :b:ilus. ;c23 cm. a978-979-29-6647-3 a001.422 5 DUW p a001.422 5 4aANALISIS DATA a17186 ab a17186 a a17186 b